| 000 | 00630nam a2200205Ia 4500 | ||
|---|---|---|---|
| 003 | GCL | ||
| 008 | 140319s9999 xx 000 0 eng d | ||
| 020 | _a09520070307 | ||
| 040 |
_aGCL / _cGCL |
||
| 082 | 0 | 4 |
_aCC _b355.4762 _bC D |
| 100 | 1 | _aCOPLEY, GREGORY R. | |
| 245 | 1 | 0 |
_aTHE DEFENSE AND FOREIGN AFFAIRS HANDBOOK ON EGYPT / _cCOPLEY, GREGORY R. |
| 260 |
_aانجلترا : _bINTERNATIONAL MEDIA CORPORATION LIMITED ، _c1995 |
||
| 300 |
_a155 P _bILLS. ؛ _c24 cm. |
||
| 650 | 0 | 4 | _aEGYPT |
| 650 | 0 | 4 | _aEGYPT - FOREIGN RELATIONS |
| 650 | 0 | 4 | _aEGYPT - DESCRIPTION AND TRAVEL |
| 650 | 0 | 4 | _aEGYPT - DEFENCES |
| 942 |
_2ddc _cBK |
||
| 999 |
_c5534 _d5534 |
||